000 00368 a2200169 4500
001 188508
020 _a85-262-4444-2
040 _cMagnum
100 _aCony, Carlos Heitor
240 1 0 _aO primo basílio
_lpor
245 1 0 _aO primo basílio
300 _a135
362 0 _a2005
440 1 _aScipione
697 _aLITERATURA JUVENIL ESTRANGEIRA
942 _cBK
999 _c188508
_d188508